Les plus grandes villes d'Iran - Statistiques

Statistiques générales
  • Ce quiz a été pris 102 fois
  • Le résultat moyen est 4 sur 10
Statistiques - réponses
Population Ville % Correct
9 M Téhéran
100%
1 M Qom
54%
1,6 M Tabriz
54%
1,4 M Chiraz
52%
2 M Isphahan
31%
4,5 M Mechhed
26%
1 M Ahvaz
24%
1,5 M Karadj
7%
900 000 Kermanchah
7%
1,4 M Ourmia
7%
Aucun quiz correspondant
Distribution des résultats
% des personnes avec chaque résultat
Percentile par nombre de réponses
Votre historique - résultats
Vous n’avez pas pris ce quiz